000 00464nam a22001817a 4500
003 OSt
005 20240314142715.0
008 240314b |||||||| |||| 00| 0 eng d
020 _a9780399588822
082 _a947.086 092
_bALES
100 _aAlexievich, Svetlana
245 _aSecondhand Time: the last of the soviets
260 _aUnited States
_bRadom House
_c2016
300 _a470p
546 _aEnglish
650 _aHistory of Europe
942 _2ddc
_cBK
999 _c3537
_d3537